Largest Islands in the British Isles - Statistics

General Stats
  • This quiz has been taken 1,255 times
  • The average score is 5 of 10
Answer Stats
Area km² Name % Correct
84,406 Ireland
87%
216,777 Great Britain
80%
572 Isle of Man
74%
969 Shetland Mainland
62%
523 Orkney Mainland
58%
1,656 Skye
52%
875 Mull
35%
714 Anglesey
34%
620 Islay
19%
2,179 Lewis and Harris
17%
No matching quizzes found
Score Distribution
Percent of People with Each Score
Percentile by Number Answered
Your Score History
You have not taken this quiz